Guía de etiqueta para jóvenes: saber estar en cualquier situación para chicas modernas (Registro nro. 12552)
[ vista simple ]
| 000 -CABECERA | |
|---|---|
| campo de control de longitud fija | 00659nam a22002417a 4500 |
| 005 - FECHA Y HORA DE ACTUALIZACIÓN | |
| campo de control | 20200114082929.0 |
| 008 - LONGITUD FIJA | |
| campo de control de longitud fija | 200114b xxu||||| |||| 00| 0 spa d |
| 020 ## - INTERNATIONAL STANDARD BOOK NUMBER | |
| Número Internacional Estándar del Libro | 9788497352901 |
| 041 ## - IDIOMA | |
| Código de idioma del texto/pista de sonido o título separado | |
| 082 ## - CLASIFICACIÓN DECIMAL DEWEY | |
| Número de clasificación | 170 I94g |
| 100 ## - AUTOR PERSONAL | |
| Nombre de persona | Ivens, Sarah |
| 245 ## - TÍTULO PROPIAMENTE DICHO | |
| Título | Guía de etiqueta para jóvenes: saber estar en cualquier situación para chicas modernas |
| 260 ## - PIE DE IMPRENTA | |
| Lugar de publicación, distribución, etc. | España |
| 260 ## - PIE DE IMPRENTA | |
| Lugar de publicación, distribución, etc. | Amat |
| 260 ## - PIE DE IMPRENTA | |
| Fecha de publicación, distribución, etc. | 2005 |
| 300 ## - DESCRIPCIÓN FÍSICA | |
| Extensión | 156 páginas |
| 650 ## - Materia General | |
| Materia general | ETIQUETA |
| 650 ## - Materia General | |
| Materia general | ARTE DE LA CONVERSACIÓN |
| 650 ## - Materia General | |
| Materia general | ENIGMAS DE COMUNICACIÓN |
| 650 ## - Materia General | |
| Materia general | FIESTAS |
| 650 ## - Materia General | |
| Materia general | VACACIONES |
| 942 ## - Punto de Acceso Adicional Koha | |
| Tipo de ítem Koha | Libro |
| Estado perdido | Estado dañado | No para préstamo | Biblioteca permanente | Biblioteca actual | Signatura completa | Código de barras | Precio efectivo a partir del | Tipo de ítem |
|---|---|---|---|---|---|---|---|---|
| Departamento de Biblioteca y Documentación Alfonso Chase Brenes | Departamento de Biblioteca y Documentación Alfonso Chase Brenes | 170 I94g | 15127 | 14/01/2020 | Libro | |||
| Departamento de Biblioteca y Documentación Alfonso Chase Brenes | Departamento de Biblioteca y Documentación Alfonso Chase Brenes | 170 I94g | 15128 | 14/01/2020 | Libro |